[Event "SR 4. liga A21 2018/2019"]
[Site "?"]
[Date "2019.03.03"]
[Round "10.6"]
[White "Kuracina, Lubomir"]
[Black "Divinec, Peter"]
[Result "0-1"]
[WhiteElo "1407"]
[BlackElo "1532"]
[PlyCount "156"]
[EventDate "2018.??.??"]
[WhiteTeam "Å K KamenÃ¡r Chtelnica"]
[BlackTeam "Å K KÃºpele PieÅ¡Å¥any B"]

1. e4 e5 2. Nf3 Nc6 3. Bb5 a6 4. Bxc6 dxc6 5. h3 Nf6 6. O-O Bd6 7. Qe2 O-O 8.
d3 h6 9. Be3 Nh5 10. Nxe5 Bxe5 11. d4 Qf6 12. dxe5 Qxe5 13. Nd2 Nf6 14. f4 Qe7
15. Qf3 Bd7 16. c4 Rad8 17. e5 Nh7 18. Ne4 b6 19. b3 c5 20. Nc3 c6 21. Rad1 f6
22. Qg3 fxe5 23. fxe5 Kh8 24. Rxf8+ Rxf8 25. Rf1 Rxf1+ 26. Kxf1 Qe6 27. Ke2 Qf5
28. Kd2 Nf8 29. Qf4 g5 30. Qxf5 Bxf5 31. g4 Bg6 32. Bf2 Kg7 33. h4 Ne6 34. hxg5
Nxg5 35. Ke3 Kf7 36. Bg3 Ke6 37. Bf4 Nf7 38. Na4 Nxe5 39. Bxe5 Kxe5 40. Nxb6
Bb1 41. a3 Bc2 42. b4 cxb4 43. axb4 Bd1 44. Nd7+ Kd6 45. Nb8 Bxg4 46. Nxa6 Bc8
47. Nc5 h5 48. Kd4 h4 49. Ne4+ Kc7 50. Kc5 h3 51. b5 cxb5 52. cxb5 Bb7 53. b6+
Kd7 54. Nf6+ Ke6 55. Ng4 Kf5 56. Nh2 Kf4 57. Kd6 Kg3 58. Nf1+ Kf2 59. Kc7 Kxf1
60. Kxb7 h2 61. Kc8 h1=Q 62. b7 Qc6+ 63. Kb8 Ke2 64. Ka7 Qa4+ 65. Kb6 Qb4+ 66.
Ka7 Qa5+ 67. Kb8 Kd3 68. Kc8 Qc5+ 69. Kd7 Qb6 70. Kc8 Qc6+ 71. Kb8 Kc4 72. Ka7
Qa4+ 73. Kb6 Qb5+ 74. Ka7 Qa5+ 75. Kb8 Kd5 76. Kc8 Qc5+ 77. Kb8 Kc6 78. Kc8
Qf8# 0-1

[Event "SR 4. liga A21 2018/2019"]
[Site "?"]
[Date "2019.03.03"]
[Round "10.6"]
[White "Skrabak, Tomas"]
[Black "Piestansky, Dusan"]
[Result "1-0"]
[WhiteElo "1413"]
[BlackElo "1426"]
[PlyCount "55"]
[EventDate "2018.??.??"]
[WhiteTeam "Å K KÃºpele PieÅ¡Å¥any B"]
[BlackTeam "Å K KamenÃ¡r Chtelnica"]

1. e4 e5 2. Nf3 Nc6 3. d4 exd4 4. Bc4 h6 5. Nxd4 Qe7 6. O-O Nf6 7. Nc3 d6 8.
Nxc6 bxc6 9. Re1 Qd7 10. e5 dxe5 11. Rxe5+ Be7 12. Bf4 O-O 13. Qxd7 Bxd7 14.
Rxe7 Rae8 15. Rae1 Rxe7 16. Rxe7 Be6 17. Bxe6 fxe6 18. Rxe6 Nd5 19. Nxd5 cxd5
20. Bxc7 Rc8 21. Rc6 Kf7 22. Kf1 Ke8 23. Rc3 d4 24. Rc5 Kd7 25. Bd6 Re8 26. Be5
Ke6 27. Bxg7 Kd6 28. Bxd4 1-0

[Event "SR 4. liga A21 2018/2019"]
[Site "?"]
[Date "2019.03.17"]
[Round "11.1"]
[White "Vagovic, Milan"]
[Black "Nemeckay, Rastislav"]
[Result "1-0"]
[WhiteElo "1710"]
[BlackElo "1944"]
[PlyCount "85"]
[EventDate "2018.??.??"]
[WhiteTeam "Å K KamenÃ¡r Chtelnica"]
[BlackTeam "Å K Å tefanov"]

1. d4 d5 2. c4 c6 3. Nf3 Nf6 4. Nc3 e6 5. Bg5 Nbd7 6. e3 Qa5 7. Nd2 Bb4 8. Bxf6
Nxf6 9. Qc2 O-O 10. Bd3 a6 11. O-O b5 12. c5 Bxc3 13. bxc3 h6 14. a4 bxa4 15.
Rxa4 Qc7 16. Rfa1 e5 17. Bxa6 Bxa6 18. Rxa6 Rxa6 19. Rxa6 exd4 20. cxd4 Rb8 21.
g3 Qb7 22. Rb6 Qc7 23. Qb1 Rxb6 24. Qxb6 Qxb6 25. cxb6 Nd7 26. b7 Kf8 27. Nb3
Ke7 28. Nc5 Nb8 29. f3 Kd6 30. g4 Ke7 31. h4 Kf6 32. e4 dxe4 33. fxe4 Ke7 34.
Kf2 Kd6 35. Ke3 Kc7 36. Kf4 Kd6 37. Kf5 Ke7 38. g5 hxg5 39. hxg5 Ke8 40. e5 Ke7
41. g6 Ke8 42. e6 fxg6+ 43. Kxg6 1-0

[Event "SR 4. liga A21 2018/2019"]
[Site "?"]
[Date "2019.03.17"]
[Round "11.1"]
[White "Klimes, Karel"]
[Black "Piestansky, Jan"]
[Result "1/2-1/2"]
[WhiteElo "1713"]
[BlackElo "1624"]
[PlyCount "75"]
[EventDate "2018.??.??"]
[WhiteTeam "Å K Å tefanov"]
[BlackTeam "Å K KamenÃ¡r Chtelnica"]

1. e4 e5 2. Nf3 d6 3. Bc4 h6 4. c3 Nf6 5. d3 Be7 6. Nbd2 Nc6 7. O-O Na5 8. Bb5+
c6 9. Ba4 b5 10. Bc2 O-O 11. d4 exd4 12. cxd4 Bg4 13. b4 Nb7 14. Bb2 Nh7 15. e5
d5 16. Bxh7+ Kxh7 17. Qc2+ g6 18. Qxc6 Qd7 19. Qxd7 Bxd7 20. a3 Rac8 21. Rac1
a5 22. Bc3 a4 23. Bb2 Bf5 24. Rc3 Rxc3 25. Bxc3 Rc8 26. Rc1 Nd8 27. Bb2 Rxc1+
28. Bxc1 Ne6 29. Bb2 Bd8 30. Ne1 Bb6 31. Ndf3 Kg7 32. Kf1 g5 33. h3 Bb1 34. Ke2
Kg6 35. Ke3 h5 36. g3 Kf5 37. Nd3 Bxd3 38. Kxd3 1/2-1/2

[Event "SR 4. liga A21 2018/2019"]
[Site "?"]
[Date "2019.03.17"]
[Round "11.1"]
[White "Pripko, Bystrik"]
[Black "Wallner, Juraj"]
[Result "1/2-1/2"]
[WhiteElo "1640"]
[BlackElo "1592"]
[PlyCount "47"]
[EventDate "2018.??.??"]
[WhiteTeam "Å K KamenÃ¡r Chtelnica"]
[BlackTeam "Å K Å tefanov"]

1. e4 c5 2. Nf3 e6 3. c3 d5 4. exd5 exd5 5. d4 Nc6 6. dxc5 Bxc5 7. Be2 Nge7 8.
O-O O-O 9. h3 Re8 10. Bf4 Ng6 11. Bg3 d4 12. cxd4 Nxd4 13. Nxd4 Bxd4 14. Nc3 a6
15. Bf3 Ne5 16. Rb1 Nxf3+ 17. Qxf3 Qg5 18. Rbd1 Bxc3 19. Qxc3 Be6 20. a3 Rac8
21. Qb4 b5 22. Rd4 Qc5 23. Bd6 Qxb4 24. Bxb4 1/2-1/2

[Event "SR 4. liga A21 2018/2019"]
[Site "?"]
[Date "2019.03.17"]
[Round "11.1"]
[White "Tomasovic, Roman"]
[Black "Kupkovic, Miroslav"]
[Result "1/2-1/2"]
[WhiteElo "1547"]
[BlackElo "1732"]
[PlyCount "28"]
[EventDate "2018.??.??"]
[WhiteTeam "Å K Å tefanov"]
[BlackTeam "Å K KamenÃ¡r Chtelnica"]

1. d4 Nf6 2. c4 e6 3. e3 b6 4. Nc3 Bb7 5. Nf3 d5 6. cxd5 Nxd5 7. Nxd5 Qxd5 8.
Bd2 Nd7 9. Be2 Qf5 10. Bc3 Bd6 11. Rc1 Nf6 12. h3 O-O 13. Bd3 Be4 14. Bxe4 Qxe4
1/2-1/2

[Event "SR 4. liga A21 2018/2019"]
[Site "?"]
[Date "2019.03.17"]
[Round "11.1"]
[White "Piestansky, Dusan"]
[Black "Visvader, Kristof"]
[Result "0-1"]
[WhiteElo "1426"]
[BlackElo "1378"]
[PlyCount "60"]
[EventDate "2018.??.??"]
[WhiteTeam "Å K KamenÃ¡r Chtelnica"]
[BlackTeam "Å K Å tefanov"]

1. e4 e5 2. Nf3 Nc6 3. Bb5 Nge7 4. Nc3 g6 5. d3 Bg7 6. O-O O-O 7. Bc4 d6 8. h3
h6 9. Be3 Kh7 10. Nh2 f5 11. exf5 Bxf5 12. Ng4 d5 13. Bb3 d4 14. Bxh6 Bxh6 15.
Nxh6 Kxh6 16. Qd2+ Kg7 17. Ne4 Bxe4 18. dxe4 Ng8 19. f4 exf4 20. Rxf4 Rxf4 21.
Qxf4 Qe7 22. Rf1 Rf8 23. Qg4 Rxf1+ 24. Kxf1 Nh6 25. Qe2 Qf6+ 26. Kg1 a6 27. g4
Qf4 28. Kg2 Ne5 29. Be6 Nhf7 30. h4 Nd6 0-1

[Event "SR 4. liga A21 2018/2019"]
[Site "?"]
[Date "2019.03.17"]
[Round "11.2"]
[White "Cerovsky, Marian"]
[Black "Curidlo, Jan"]
[Result "1-0"]
[WhiteElo "1789"]
[BlackElo "1812"]
[PlyCount "79"]
[EventDate "2018.??.??"]
[WhiteTeam "Å O KopÄ�any"]
[BlackTeam "Å K KÃºpele PieÅ¡Å¥any B"]

1. e4 c5 2. Bc4 a6 3. a4 e6 4. Nc3 Nc6 5. Nf3 d6 6. d3 Nf6 7. Bg5 Be7 8. Qd2
Qc7 9. h3 Bd7 10. Ne2 d5 11. exd5 Nxd5 12. Bxe7 Ncxe7 13. O-O O-O 14. Ng3 Rad8
15. Ne4 h6 16. a5 Nf5 17. Rfe1 Rfe8 18. c3 Nf4 19. Qc2 Bc6 20. b4 cxb4 21. cxb4
Qe7 22. Qb3 Nd5 23. Rab1 Nc7 24. Ne5 Nd4 25. Qb2 Bb5 26. Nc5 Na8 27. Re4 Nc6
28. Nxc6 Bxc6 29. Rg4 Qf8 30. f4 Nc7 31. Rf1 Nd5 32. Rg3 f5 33. Qe5 Qf6 34.
Qxf6 Nxf6 35. Nxe6 Kh8 36. Nxg7 Re2 37. Nxf5 b5 38. Bf7 Rb2 39. Rg6 Kh7 40.
Rxh6# 1-0

[Event "SR 4. liga A21 2018/2019"]
[Site "?"]
[Date "2019.03.17"]
[Round "11.2"]
[White "Musaev, Matej Elbek"]
[Black "Moravec, Milan"]
[Result "1-0"]
[WhiteElo "1784"]
[BlackElo "1618"]
[PlyCount "47"]
[EventDate "2018.??.??"]
[WhiteTeam "Å K KÃºpele PieÅ¡Å¥any B"]
[BlackTeam "Å O KopÄ�any"]

1. e4 e6 2. d4 d5 3. Nd2 dxe4 4. Nxe4 Nd7 5. Nf3 Ngf6 6. Ng3 Be7 7. Bd3 O-O 8.
Bf4 b6 9. Qd2 Bb7 10. O-O-O Bxf3 11. gxf3 Nd5 12. Be3 Nxe3 13. fxe3 Nf6 14. Ne4
Nxe4 15. Bxe4 Rc8 16. Qg2 Bg5 17. f4 Bh6 18. Rhg1 Qe7 19. Qh3 Qf6 20. Bc6 e5
21. Bd7 Bxf4 22. Bxc8 Qh6 23. exf4 Qxh3 24. Bxh3 1-0

[Event "SR 4. liga A21 2018/2019"]
[Site "?"]
[Date "2019.03.17"]
[Round "11.2"]
[White "Dubecky, Ladislav"]
[Black "Sedlak, Rastislav"]
[Result "0-1"]
[WhiteElo "1580"]
[BlackElo "1645"]
[PlyCount "78"]
[EventDate "2018.??.??"]
[WhiteTeam "Å O KopÄ�any"]
[BlackTeam "Å K KÃºpele PieÅ¡Å¥any B"]

1. e4 e5 2. f4 Bc5 3. Nf3 d6 4. Bc4 Nf6 5. Nc3 O-O 6. d3 Nc6 7. Na4 Bd4 8. c3
Bb6 9. Nxb6 axb6 10. O-O Na5 11. Bb5 Nc6 12. Bxc6 bxc6 13. fxe5 dxe5 14. Nxe5
Qd6 15. Bf4 Qc5+ 16. d4 Qb5 17. b3 Nxe4 18. c4 Qa6 19. Nxc6 Bb7 20. Ne7+ Kh8
21. Be5 Nd6 22. Qg4 f6 23. Qh5 Rfe8 24. Bxf6 gxf6 25. Ng6+ Kg7 26. Nf4 Qa5 27.
d5 Bc8 28. Qh4 f5 29. Rf3 Ne4 30. Rh3 Nf6 31. Qg3+ Ng4 32. Nh5+ Kf7 33. Qxc7+
Re7 34. Qg3 Qd2 35. Rf1 Qe3+ 36. Qxe3 Rxe3 37. Rxe3 Nxe3 38. Re1 Ng4 39. Rf1
Rxa2 0-1

[Event "SR 4. liga A21 2018/2019"]
[Site "?"]
[Date "2019.03.17"]
[Round "11.2"]
[White "Oravec, Pavol"]
[Black "Pisecky, Jan"]
[Result "1/2-1/2"]
[WhiteElo "1783"]
[BlackElo "1331"]
[PlyCount "120"]
[EventDate "2018.??.??"]
[WhiteTeam "Å K KÃºpele PieÅ¡Å¥any B"]
[BlackTeam "Å O KopÄ�any"]

1. d4 d5 2. Nf3 Nc6 3. Bf4 f6 4. e3 Bf5 5. Bd3 Qd7 6. O-O g5 7. Bxf5 Qxf5 8.
Bxc7 g4 9. Nh4 Qh5 10. Bg3 O-O-O 11. Qd3 e6 12. Nd2 Bd6 13. c4 Nge7 14. cxd5
Nxd5 15. Nc4 Bxg3 16. hxg3 f5 17. Rac1 Kb8 18. Qa3 Nde7 19. Na5 Qe8 20. Nxc6+
Nxc6 21. Rc5 b6 22. Rc2 Qd7 23. Rfc1 Rc8 24. Qa4 Kb7 25. Qb3 Na5 26. Qd3 Rxc2
27. Qxc2 Rc8 28. Qxc8+ Qxc8 29. Rxc8 Kxc8 30. d5 Kd7 31. dxe6+ Kxe6 32. Kf1 Nc4
33. b3 Ne5 34. Ke2 b5 35. f3 h5 36. f4 Nc6 37. Ng6 a5 38. a3 Kd5 39. Kd3 b4 40.
a4 Kc5 41. e4 Nd4 42. e5 Nxb3 43. e6 Kd6 44. e7 Kd7 45. Nh4 Nc5+ 46. Kc2 Kxe7
47. Nxf5+ Kf6 48. Nd6 Nxa4 49. Nc4 Nc3 50. Nxa5 Ne2 51. Nc6 b3+ 52. Kxb3 Nxg3
53. Nd4 Nf5 54. Ne2 g3 55. Kc3 h4 56. Kd3 Nd6 57. Ke3 Kf5 58. Kf3 Nb5 59. Nxg3+
hxg3 60. Kxg3 Nd4 1/2-1/2

[Event "SR 4. liga A21 2018/2019"]
[Site "?"]
[Date "2019.03.17"]
[Round "11.2"]
[White "Sprusansky, Ferdinand"]
[Black "Divinec, Peter"]
[Result "0-1"]
[WhiteElo "1298"]
[BlackElo "1532"]
[PlyCount "64"]
[EventDate "2018.??.??"]
[WhiteTeam "Å O KopÄ�any"]
[BlackTeam "Å K KÃºpele PieÅ¡Å¥any B"]

1. e4 e5 2. Nf3 Nc6 3. Bb5 a6 4. Ba4 Nf6 5. d3 b5 6. Bb3 Na5 7. c3 Nxb3 8. Qxb3
d6 9. Ng5 Qe7 10. Be3 h6 11. Nf3 Qe6 12. Qc2 Be7 13. O-O O-O 14. Nbd2 Bb7 15.
d4 exd4 16. cxd4 Rac8 17. d5 Qd7 18. Rfe1 c6 19. dxc6 Rxc6 20. Qd3 Rfc8 21. e5
dxe5 22. Qxd7 Nxd7 23. a3 f6 24. b4 Rc2 25. Nb3 Bxf3 26. gxf3 Rb2 27. Nd2 Rcc2
28. Ne4 Kf7 29. Rec1 f5 30. Rxc2 Rxc2 31. Nd2 f4 32. Nf1 fxe3 0-1

[Event "SR 4. liga A21 2018/2019"]
[Site "?"]
[Date "2019.03.17"]
[Round "11.3"]
[White "Brunovsky, Peter"]
[Black "Jakubec, Milan"]
[Result "1/2-1/2"]
[WhiteElo "1891"]
[BlackElo "1992"]
[PlyCount "105"]
[EventDate "2018.??.??"]
[WhiteTeam "Å K Nafta Gbely C"]
[BlackTeam "ZÅ K VrbovÃ© B"]

1. d4 d5 2. Nf3 Nf6 3. Bf4 e6 4. e3 Bd6 5. Bxd6 Qxd6 6. Nbd2 O-O 7. Bd3 Nc6 8.
c3 e5 9. dxe5 Nxe5 10. Nxe5 Qxe5 11. Nf3 Qe7 12. Qc2 Bg4 13. h3 Bxf3 14. gxf3
c5 15. Kf1 c4 16. Be2 b5 17. Kg2 Qe6 18. a4 a6 19. Rhd1 Rab8 20. axb5 axb5 21.
Ra5 b4 22. Rda1 bxc3 23. bxc3 Rb3 24. Ra8 g5 25. Rxf8+ Kxf8 26. Rb1 Rxb1 27.
Qxb1 Qe5 28. Qb4+ Kg7 29. Bd1 h5 30. Be2 Qe6 31. Qa5 Kh6 32. Qd8 Nh7 33. Bd1 f5
34. Bc2 Nf6 35. Qh8+ Kg6 36. Qd8 Qd7 37. Qb8 Qe8 38. Qd6 Qd7 39. Qe5 g4 40.
hxg4 hxg4 41. fxg4 Nxg4 42. Qg3 Kf6 43. Qh4+ Ke6 44. Qh5 Kf6 45. Qh8+ Kg6 46.
Qg8+ Kf6 47. Kf1 Qe6 48. Qh8+ Kg6 49. Ke2 Nf6 50. Qb8 Ne4 51. Bxe4 fxe4 52.
Qg3+ Kh5 53. Qh2+ 1/2-1/2

[Event "SR 4. liga A21 2018/2019"]
[Site "?"]
[Date "2019.03.17"]
[Round "11.3"]
[White "Lajda, Dusan"]
[Black "Kubis, Ivan"]
[Result "1/2-1/2"]
[WhiteElo "1768"]
[BlackElo "1863"]
[PlyCount "43"]
[EventDate "2018.??.??"]
[WhiteTeam "ZÅ K VrbovÃ© B"]
[BlackTeam "Å K Nafta Gbely C"]

1. e4 e5 2. Nf3 Nc6 3. Bc4 Nf6 4. d3 Be7 5. Be3 O-O 6. a3 d5 7. Bxd5 Nxd5 8.
exd5 Qxd5 9. Nc3 Qd8 10. h3 f5 11. Qe2 Bf6 12. O-O Nd4 13. Qd1 c5 14. Bd2 b6
15. Re1 Nc6 16. Rb1 Bb7 17. Ne2 e4 18. dxe4 fxe4 19. Nh2 Nd4 20. Ng3 Rb8 21. c3
Ne6 22. Nxe4 1/2-1/2

[Event "SR 4. liga A21 2018/2019"]
[Site "?"]
[Date "2019.03.17"]
[Round "11.3"]
[White "Bilovsky, Milan"]
[Black "Lanyi, Frantisek"]
[Result "1-0"]
[WhiteElo "1913"]
[BlackElo "1664"]
[PlyCount "89"]
[EventDate "2018.??.??"]
[WhiteTeam "Å K Nafta Gbely C"]
[BlackTeam "ZÅ K VrbovÃ© B"]

1. e4 e5 2. Nf3 Nc6 3. Bc4 Bc5 4. c3 Nf6 5. d4 exd4 6. cxd4 Bb4+ 7. Nc3 Bxc3+
8. bxc3 Nxe4 9. O-O d5 10. Re1 O-O 11. Bd3 Re8 12. Qc2 f5 13. Bf4 Bd7 14. Rac1
Be6 15. Qa4 a6 16. c4 Qd7 17. Qc2 Nb4 18. Qb3 Nxd3 19. Qxd3 dxc4 20. Qe3 b5 21.
Ne5 Qd5 22. f3 Nf6 23. a3 Re7 24. Bg5 Rd8 25. Qf2 h6 26. Ng6 Ree8 27. Bxf6 gxf6
28. Nf4 Qd6 29. Qg3+ Kh8 30. Rcd1 Bf7 31. Rxe8+ Rxe8 32. Qh4 Kh7 33. d5 Qe5 34.
h3 a5 35. Rb1 b4 36. axb4 axb4 37. Rxb4 Qd4+ 38. Kh2 Bxd5 39. Rb5 c5 40. Rb6
Rf8 41. Rd6 c3 42. Rxd5 Qa4 43. Rxc5 c2 44. Rc7+ Kg8 45. Qxh6 1-0

[Event "SR 4. liga A21 2018/2019"]
[Site "?"]
[Date "2019.03.17"]
[Round "11.3"]
[White "Cheben, Jozef"]
[Black "Kanka, Tomas"]
[Result "0-1"]
[WhiteElo "1568"]
[BlackElo "1720"]
[PlyCount "130"]
[EventDate "2018.??.??"]
[WhiteTeam "ZÅ K VrbovÃ© B"]
[BlackTeam "Å K Nafta Gbely C"]

1. d4 Nf6 2. Nf3 d5 3. e3 c6 4. h3 g6 5. Bd3 Bg7 6. c3 O-O 7. Qc2 Nbd7 8. Nbd2
Qc7 9. Nf1 e5 10. dxe5 Nxe5 11. Nxe5 Qxe5 12. Ng3 Re8 13. Bd2 Ne4 14. Nxe4 dxe4
15. Bc4 b5 16. Bb3 a5 17. a3 Ba6 18. Qb1 a4 19. Bc2 c5 20. Qd1 c4 21. Qe2 Bc8
22. O-O-O Rb8 23. Be1 Bb7 24. Rd4 Bc6 25. g3 Qc5 26. Rd1 Red8 27. Rxd8+ Rxd8
28. Bd2 Qe5 29. Rd1 Rb8 30. Be1 h5 31. h4 Kh7 32. Rd4 Qe7 33. Rd2 Rb7 34. Qd1
Bd7 35. Rd5 Bg4 36. Qd2 Bf6 37. Bd1 Be6 38. Rd6 Rb8 39. Bc2 Be5 40. Rd4 Bxd4
41. exd4 Bd5 42. Qe3 f5 43. Bd2 Qg7 44. Qg5 Re8 45. Be3 Bf7 46. Bd1 Kg8 47. Bf4
Kh7 48. Be3 Bd5 49. Bxh5 Bf7 50. Bd1 Kg8 51. h5 gxh5 52. Qxf5 b4 53. Bxh5 bxa3
54. Bxf7+ Qxf7 55. Qg5+ Qg7 56. bxa3 Qxg5 57. Bxg5 Kf7 58. Kc2 Ke6 59. Be3 Rb8
60. Bc1 Kf5 61. Bf4 Rb5 62. Bd6 Kg4 63. Bf4 Kf3 64. Be3 Rb3 65. d5 Rb5 0-1

[Event "SR 4. liga A21 2018/2019"]
[Site "?"]
[Date "2019.03.17"]
[Round "11.3"]
[White "Mraz, Jan"]
[Black "Krchnak, Rudolf"]
[Result "0-1"]
[WhiteElo "1655"]
[BlackElo "1664"]
[PlyCount "64"]
[EventDate "2018.??.??"]
[WhiteTeam "Å K Nafta Gbely C"]
[BlackTeam "ZÅ K VrbovÃ© B"]

1. d4 Nf6 2. c4 c5 3. e3 e6 4. Nc3 g6 5. Bd2 cxd4 6. exd4 Bg7 7. Nf3 O-O 8. Rc1
b6 9. Bg5 Bb7 10. Be2 d6 11. Qd2 Nc6 12. d5 Ne7 13. dxe6 fxe6 14. Bh6 Nf5 15.
Bxg7 Kxg7 16. Ng5 Re8 17. h4 Bxg2 18. Rh2 Bc6 19. h5 h6 20. Nh3 Nxh5 21. Bxh5
gxh5 22. Nf4 Qg5 23. Rxh5 Qg1+ 24. Ke2 Qg4+ 25. Kd3 e5 26. Qe2 Qxf4 27. Rg1+
Kh7 28. Qg4 e4+ 29. Nxe4 Bxe4+ 30. Kc3 Qe5+ 31. Kd2 Qxb2+ 32. Ke1 Qc1+ 0-1

[Event "SR 4. liga A21 2018/2019"]
[Site "?"]
[Date "2019.03.17"]
[Round "11.4"]
[White "Hrubsa, Marian"]
[Black "Pericka, Tomas"]
[Result "1-0"]
[WhiteElo "1887"]
[BlackElo "1961"]
[PlyCount "49"]
[EventDate "2018.??.??"]
[WhiteTeam "Å K Skalica C"]
[BlackTeam "CVÄŒ BrezovÃ¡ pod Bradlom"]

1. e4 c5 2. Nf3 Nc6 3. d4 cxd4 4. Nxd4 g6 5. Nc3 Bg7 6. Be3 Nf6 7. Bc4 Qa5 8.
O-O O-O 9. Bb3 d6 10. h3 Bd7 11. Re1 Rac8 12. Qd2 Qh5 13. Nde2 h6 14. Nf4 Qg5
15. Ne6 Qh5 16. Nxf8 Kxf8 17. f4 g5 18. fxg5 hxg5 19. Bxg5 Ne5 20. Rf1 Rxc3 21.
Bxf6 Bxf6 22. Qxc3 Qh6 23. Bd5 Ng4 24. Rxf6 Nxf6 25. Bxb7 1-0

[Event "SR 4. liga A21 2018/2019"]
[Site "?"]
[Date "2019.03.17"]
[Round "11.4"]
[White "Sadlon, Juraj"]
[Black "Vepy, Ivan"]
[Result "1-0"]
[WhiteElo "1888"]
[BlackElo "1830"]
[PlyCount "103"]
[EventDate "2018.??.??"]
[WhiteTeam "CVÄŒ BrezovÃ¡ pod Bradlom"]
[BlackTeam "Å K Skalica C"]

1. e4 e5 2. Nf3 Nc6 3. Bb5 a6 4. Ba4 b5 5. Bb3 Be7 6. O-O Nf6 7. Re1 O-O 8. c3
d6 9. d3 Na5 10. Bc2 c5 11. Nbd2 Bg4 12. h3 Bh5 13. Nf1 h6 14. Ng3 Bg6 15. Nh4
Nh7 16. Nxg6 fxg6 17. Qg4 Qe8 18. f4 h5 19. Qe6+ Qf7 20. Qxf7+ Rxf7 21. f5 gxf5
22. Nxf5 Kh8 23. Nxe7 Rxe7 24. Rf1 Rf8 25. Rxf8+ Nxf8 26. Bg5 Rf7 27. Rf1 Rxf1+
28. Kxf1 Nc6 29. Bb3 Nh7 30. Be3 Nf6 31. Bf7 Ne7 32. Bg5 Neg8 33. Bg6 Nh7 34.
Bd8 Nhf6 35. Kf2 d5 36. Kf3 dxe4+ 37. dxe4 c4 38. Kg3 a5 39. Kh4 b4 40. Kg5
bxc3 41. bxc3 Nd7 42. Bxa5 Ne7 43. Bxh5 Nc5 44. Bf3 Nc6 45. Bb4 Nxb4 46. cxb4
c3 47. Bd1 Nxe4+ 48. Kf5 Nf2 49. Bc2 e4 50. Kf4 Nd3+ 51. Bxd3 exd3 52. Ke3 1-0

[Event "SR 4. liga A21 2018/2019"]
[Site "?"]
[Date "2019.03.17"]
[Round "11.4"]
[White "Bartos, Bohumil"]
[Black "Pericka, Pavol"]
[Result "0-1"]
[WhiteElo "1535"]
[BlackElo "1806"]
[PlyCount "60"]
[EventDate "2018.??.??"]
[WhiteTeam "Å K Skalica C"]
[BlackTeam "CVÄŒ BrezovÃ¡ pod Bradlom"]

1. d4 Nf6 2. Bf4 d5 3. e3 Nbd7 4. c3 c5 5. Nd2 e6 6. Ngf3 c4 7. b3 Ba3 8. Qc2
b5 9. b4 a5 10. Rb1 axb4 11. cxb4 Nb6 12. Qc3 Qe7 13. Ne5 Bb7 14. Be2 Ra4 15.
Bd1 Bxb4 16. Qa1 Ra3 17. Qb2 Bxd2+ 18. Qxd2 c3 19. Qe2 Ba6 20. Nc6 Qb7 21. Nb4
Nc4 22. Rb3 O-O 23. Rxa3 Nxa3 24. Bd6 Rc8 25. Bc5 Ne4 26. Nxa6 Qxa6 27. Bxa3
Qxa3 28. Bb3 Qc1+ 29. Qd1 Qxd1+ 30. Bxd1 c2 0-1

[Event "SR 4. liga A21 2018/2019"]
[Site "?"]
[Date "2019.03.17"]
[Round "11.4"]
[White "Skapik, Branislav"]
[Black "Danihel, Jozef"]
[Result "1-0"]
[WhiteElo "1751"]
[BlackElo "1546"]
[PlyCount "115"]
[EventDate "2018.??.??"]
[WhiteTeam "CVÄŒ BrezovÃ¡ pod Bradlom"]
[BlackTeam "Å K Skalica C"]

1. e4 d5 2. exd5 Nf6 3. d4 Nxd5 4. c4 Nf6 5. Nc3 e6 6. a3 c5 7. Be3 cxd4 8.
Bxd4 Nc6 9. Be3 Bd7 10. Nf3 Qc7 11. Nb5 Qb8 12. Qc1 a6 13. Nc3 Ne5 14. Be2 Qc7
15. Nxe5 Qxe5 16. Bf4 Qd4 17. Qe3 Bc5 18. Qxd4 Bxd4 19. Bf3 e5 20. Bd2 e4 21.
Nxe4 O-O 22. Nxf6+ Bxf6 23. O-O Bc6 24. Bxc6 bxc6 25. Rab1 Rfe8 26. Be3 Rad8
27. b3 Rd3 28. Rfd1 Red8 29. Rxd3 Rxd3 30. Kf1 Be7 31. Ke2 Rd7 32. a4 f5 33.
Rd1 Rxd1 34. Kxd1 Kf7 35. Ke2 Ke6 36. Kd3 g5 37. Bd2 c5 38. f3 h5 39. h3 Ke5
40. g4 h4 41. Be3 Ke6 42. Bg1 Bd6 43. Be3 Be7 44. Bd2 Ke5 45. Ke3 Ke6 46. Ba5
Bf6 47. b4 Bd4+ 48. Kd3 fxg4 49. fxg4 Kd7 50. b5 axb5 51. axb5 Be5 52. Ke4 Bf4
53. Kd5 Be3 54. Bc3 Kc7 55. Bf6 Kd7 56. Be5 Kc8 57. Kc6 Bf4 58. Bd6 1-0

[Event "SR 4. liga A21 2018/2019"]
[Site "?"]
[Date "2019.03.17"]
[Round "11.4"]
[White "Londin, Lukas Vojtech"]
[Black "Sadlon, Matus"]
[Result "1/2-1/2"]
[WhiteElo "1399"]
[BlackElo "1714"]
[PlyCount "121"]
[EventDate "2018.??.??"]
[WhiteTeam "Å K Skalica C"]
[BlackTeam "CVÄŒ BrezovÃ¡ pod Bradlom"]

1. e4 e5 2. Nf3 Nc6 3. d4 exd4 4. Bc4 Be7 5. O-O d6 6. Nxd4 Nxd4 7. Qxd4 Bf6 8.
Qd3 Ne7 9. c3 O-O 10. Be3 Be6 11. Nd2 Nc6 12. f4 a6 13. Nf3 Qd7 14. Rad1 Rad8
15. Bxe6 fxe6 16. e5 Be7 17. Qe4 Qe8 18. exd6 Bxd6 19. Ng5 Qh5 20. Qxe6+ Kh8
21. g4 Qe8 22. f5 Rf6 23. Qxe8+ Rxe8 24. Ne6 Kg8 25. Bg5 Rfxe6 26. fxe6 Rxe6
27. Rde1 Rxe1 28. Rxe1 Ne5 29. Kg2 Nxg4 30. Re4 Nf6 31. Bxf6 gxf6 32. b4 Kf7
33. a3 Be5 34. c4 b5 35. cxb5 axb5 36. Re2 Ke7 37. Rd2 h6 38. h3 Bd6 39. Kf3
Be5 40. Ke4 h5 41. Rc2 Kd6 42. Kf5 h4 43. Kg4 Bg3 44. Rc3 c6 45. Rxg3 hxg3 46.
Kxg3 Ke5 47. Kg4 Ke4 48. h4 f5+ 49. Kg3 Ke3 50. h5 f4+ 51. Kg4 f3 52. h6 f2 53.
h7 f1=Q 54. h8=Q Qf4+ 55. Kh3 Qf1+ 56. Kh2 Qe2+ 57. Kh1 Qf3+ 58. Kh2 Kf2 59.
Qb2+ Ke1 60. Qc1+ Qd1 61. Qxc6 1/2-1/2

[Event "SR 4. liga A21 2018/2019"]
[Site "?"]
[Date "2019.03.17"]
[Round "11.5"]
[White "Podjavorinsky, Michal"]
[Black "Ulehla, Jakub"]
[Result "1-0"]
[WhiteElo "1908"]
[BlackElo "1724"]
[PlyCount "59"]
[EventDate "2018.??.??"]
[WhiteTeam "ZÅ K VrbovÃ© A"]
[BlackTeam "CVÄŒ Senica B"]

1. c4 c5 2. g3 g6 3. Bg2 Bg7 4. e4 d6 5. Ne2 Nc6 6. O-O h5 7. Nbc3 Bg4 8. h3
Bd7 9. d3 Qc8 10. h4 Bh3 11. Be3 Bxg2 12. Kxg2 Nf6 13. f3 O-O 14. Qd2 Kh7 15.
Nf4 e5 16. Nh3 Qd7 $11 17. f4 Ng4 18. f5 Nxe3+ 19. Qxe3 Bh6 20. Ng5+ Bxg5 21.
hxg5 Ne7 22. Rh1 Rh8 23. g4 Kg8 24. Raf1 hxg4 25. Rxh8+ Kxh8 26. f6 Nc6 27. Qg3
Nd4 28. Qh4+ Kg8 29. Rh1 Nf3 30. Qh8# 1-0

[Event "SR 4. liga A21 2018/2019"]
[Site "?"]
[Date "2019.03.17"]
[Round "11.5"]
[White "Diviak, Rudolf"]
[Black "Kincel, Jan"]
[Result "0-1"]
[WhiteElo "1805"]
[BlackElo "1901"]
[PlyCount "28"]
[EventDate "2018.??.??"]
[WhiteTeam "CVÄŒ Senica B"]
[BlackTeam "ZÅ K VrbovÃ© A"]

1. d4 Nf6 2. Nf3 g6 3. Nc3 d5 4. Bg5 Nbd7 5. e3 c6 6. Bd3 Bg7 7. O-O O-O 8. e4
dxe4 9. Nxe4 Nxe4 10. Bxe4 Nf6 11. Bd3 Bg4 12. c3 Qd5 13. Re1 Bxf3 14. Qxf3
Qxg5 0-1

[Event "SR 4. liga A21 2018/2019"]
[Site "?"]
[Date "2019.03.17"]
[Round "11.5"]
[White "Blatnicky, Miroslav"]
[Black "Hrdlicka, Martin"]
[Result "1-0"]
[WhiteElo "2104"]
[BlackElo "1511"]
[PlyCount "65"]
[EventDate "2018.??.??"]
[WhiteTeam "ZÅ K VrbovÃ© A"]
[BlackTeam "CVÄŒ Senica B"]

1. d4 d5 2. c4 c6 3. Nc3 Nf6 4. Nf3 e6 5. Bg5 Bd6 6. e3 O-O 7. Rc1 Nbd7 8. cxd5
exd5 9. Bd3 Re8 10. Bb1 Qc7 11. O-O a6 12. Qd3 Qb6 13. Qc2 Ne4 14. Nxe4 dxe4
15. Nd2 f5 16. f3 Nf8 17. fxe4 Be7 18. Bxe7 Rxe7 19. Nc4 Qc7 20. exf5 Rf7 21.
e4 Qd8 22. Rcd1 Rf6 23. Ne5 Rh6 24. Qc4+ Ne6 25. fxe6 Bxe6 26. Qc1 Qh4 27. Qf4
Qh5 28. d5 cxd5 29. exd5 Rf6 30. Qg3 Rxf1+ 31. Rxf1 Bxd5 32. Ng4 Kh8 33. Qe5
1-0